• 首页
  • 本馆介绍
  • 公告通知
  • 最新文献
  • 馆藏检索
  • 电子资源
  • 读者导购
  • 参考咨询
  • 我的图书馆
  • 登录
  • 详细信息显示
  • 放入我的书架
  • 预约/预借图书
  • 作者相关作品
  • 分类相关作品
  • 丛书相关作品
  • 出版社相关作品

书目信息

  • 表格格式
  • 工作单格式
  • 卡片格式
题名:
最新欧洲流行毛衣100款:春夏秋系列
    
 
作者: 杨玲 , 韩小丁 编著
分册:  
出版信息: 北京   中国摄影出版社  1994.11
页数: 102
开本: 26cm
丛书名:
单 册:
中图分类: TS935.5
科图分类:
主题词:
电子资源:
ISBN: 7-80007-144-8
000 00607nam0 2200193 45
001 0181022467
005 20061026152909.79
010    @a7-80007-144-8@dCNY15.80
100    @a20810111d km y0chiy0120 ea
101 0  @achi
105    @a z 000yy
200 1  @Azui xin ou zhou liu xing mao yi 100 kuan : chun xia qiu xi l@Fyang ling , han xiao ding bian@a最新欧洲流行毛衣100款:春夏秋系列@f杨玲,韩小丁编著
210    @a北京@c中国摄影出版社@d1994.11
215    @a102@c图@d26cm
690    @aTS935.5
701 0  @a杨玲@4编著
701 0  @a韩小丁@4编著
801    @aCN@bTSTC@c20061026
905    @dTS935.5@e19@f1@b1
    
    最新欧洲流行毛衣100款:春夏秋系列/杨玲,韩小丁编著.-北京:中国摄影出版社,1994.11
    102:图;26cm
    
    
    ISBN 7-80007-144-8:CNY15.80
    
●
相关链接 在E读中查询图书 在五车中查询图书 在当当中查询图书 在豆瓣中查询图书


正题名:最新欧洲流行毛衣100款:春夏秋系列     索取号:TS935.5/19         预约/预借

序号 登录号 条形码 馆藏地/架位号 状态 备注
1 0270438   001477333   样本库/ [索取号:TS935.5/19] 在馆    
唐山师范学院图书馆 欢迎您!
大连网信软件有限公司© 版权所有